Myself - Bazzi - All Lyrics - Statistics

General Stats
  • This quiz has been taken 7 times
  • The average score is 199 of 240
Answer Stats
Answer % Correct
and
100%
Baby,
100%
baby
100%
better
100%
by
100%
Don’t
100%
don't
100%
Don't
100%
else
100%
else?
100%
I
100%
I,
100%
I'm
100%
I’m
100%
know
100%
more
100%
my
100%
myself
100%
Myself
100%
need
100%
no
100%
No
100%
Oh-oh,
100%
oh-oh-oh
100%
on
100%
one
100%
own
100%
that
100%
That
100%
when
100%
with
100%
you
100%
commas
86%
concerned
86%
days
86%
go
86%
in
86%
It’s
86%
keep
86%
Keep
86%
left
86%
me
86%
okay
86%
once,
86%
questions
86%
shady
86%
shit
86%
the
86%
These
86%
think
86%
What
86%
"Who
86%
who
86%
y’all
86%
all
71%
answer
71%
away
71%
come
71%
company
71%
drama
71%
energy
71%
focused
71%
fool
71%
Fool
71%
friends
71%
from
71%
gon'
71%
he?"
71%
is
71%
keeping
71%
like
71%
like,
71%
losing
71%
mind
71%
not
71%
school
71%
second
71%
Show
71%
stay
71%
surface
71%
There
71%
time,
71%
to
71%
trust
71%
trying
71%
underneath
71%
up
71%
wanna
71%
what's
71%
yes,
71%
bad
57%
can't
57%
different
57%
drive
57%
empathy,
57%
everyone's
57%
fake
57%
Fake
57%
future
57%
good
57%
Hennessy
57%
inside
57%
lines
57%
mad
57%
nothin'
57%
place
57%
Please
57%
running
57%
same?
57%
smiles
57%
something
57%
than
57%
That’s
57%
want
57%
your
57%
'bout
43%
care
43%
especially
43%
guess
43%
Heisman
43%
How
43%
Just
43%
kid
43%
make
43%
Make
43%
maybes
43%
mean,
43%
mood
43%
off
43%
out
43%
south
43%
staying
43%
tell
43%
Tennessee
43%
put
29%
No matching quizzes found
Score Distribution
Percent of People with Each Score
Percentile by Number Answered
Your Score History
You have not taken this quiz